00569nam a2200169 i 450000100060000000300090000600500170001500700030003200800410003510000290007624500400010526000610014530000220020685200320022899900170026095201220027740757ES-MaACL20230906160313.0t|030307s1968 sp ||||1| spa d1 aCardús, José.93521410aSemilla humana / cJosé Cardús. a[Zaragoza : bs.n., c1968] (fImp. Heraldo de Aragón) a391 p. ; c22 cm. aES-MaACLjC-46981 bR.66459 c40757d40757 00104070aATENEOMbATENEOMcDEPO2d2008-01-17eSCl0oC-46981p1042906r2023-02-23 00:00:00w2023-02-23yMONOGRAFIA